Latin literature of the fourth century
| Contributors: | |
|---|---|
| Format: | Print Book |
| Language: | English |
| Subito Delivery Service: | Order now. |
| Check availability: | HBZ Gateway |
| WorldCat: | WorldCat |
| Interlibrary Loan: | Interlibrary Loan for the Fachinformationsdienste (Specialized Information Services in Germany) |
| Published: |
London
Routledge & Kegan Paul
1974
|
| In: | Year: 1974 |
| Volumes / Articles: | Show volumes/articles. |
| Series/Journal: | Greek and latin studies
|
| Standardized Subjects / Keyword chains: | B
Latin
/ Literature
/ Geschichte 300
B Latin / Literature / History 300-400 |
| Further subjects: | B
Rome
In literature
B Latin literature History and criticism B Rome History Empire, 284-476 B Rome Intellectual life |
MARC
| LEADER | 00000cam a22000002c 4500 | ||
|---|---|---|---|
| 001 | 1602361436 | ||
| 003 | DE-627 | ||
| 005 | 20251225191224.0 | ||
| 007 | tu | ||
| 008 | 850101s1974 xxk||||| 00| ||eng c | ||
| 020 | |a 0710077963 |9 0-7100-7796-3 | ||
| 035 | |a (DE-627)1602361436 | ||
| 035 | |a (DE-576)003909867 | ||
| 035 | |a (DE-599)BSZ003909867 | ||
| 035 | |a (OCoLC)604586902 | ||
| 035 | |a (OCoLC)01091555 | ||
| 035 | |a (DE-604)8030634415 | ||
| 040 | |a DE-627 |b ger |c DE-627 |e rakwb | ||
| 041 | |a eng | ||
| 044 | |c XA-GB | ||
| 050 | 0 | |a PA6043 | |
| 082 | 0 | |a 870/.9/001 | |
| 082 | 0 | |a 870.9001 | |
| 084 | |a 1 |2 ssgn | ||
| 084 | |a FT 12850 |2 rvk |0 (DE-625)rvk/34382: | ||
| 191 | |a 1 | ||
| 245 | 0 | 0 | |a Latin literature of the fourth century |c [Hrsg.] J. W. Binns |
| 264 | 1 | |a London |b Routledge & Kegan Paul |c 1974 | |
| 300 | |a X, 189 S. | ||
| 336 | |a Text |b txt |2 rdacontent | ||
| 337 | |a ohne Hilfsmittel zu benutzen |b n |2 rdamedia | ||
| 338 | |a Band |b nc |2 rdacarrier | ||
| 490 | 0 | |a Greek and latin studies | |
| 500 | |a Includes bibliographical references and index | ||
| 583 | 1 | |a Archivierung/Langzeitarchivierung gewährleistet |f SSG |x XA-DE-BW |2 pdager |5 DE-21 | |
| 583 | 1 | |a Archivierung prüfen |c 20240324 |f DE-4165 |z 2 |2 pdager | |
| 650 | 0 | |a Latin literature |x History and criticism | |
| 651 | 0 | |a Rome |x History |y Empire, 284-476 | |
| 651 | 0 | |a Rome |x Intellectual life | |
| 651 | 0 | |a Rome |x In literature | |
| 689 | 0 | 0 | |d s |0 (DE-588)4114364-4 |0 (DE-627)10582271X |0 (DE-576)209484012 |2 gnd |a Latein |
| 689 | 0 | 1 | |d s |0 (DE-588)4035964-5 |0 (DE-627)106245015 |0 (DE-576)209015608 |2 gnd |a Literatur |
| 689 | 0 | 2 | |q z |2 gnd |a Geschichte 300 |
| 689 | 0 | |5 (DE-627) | |
| 689 | 1 | 0 | |d s |0 (DE-588)4114364-4 |0 (DE-627)10582271X |0 (DE-576)209484012 |2 gnd |a Latein |
| 689 | 1 | 1 | |d s |0 (DE-588)4035964-5 |0 (DE-627)106245015 |0 (DE-576)209015608 |2 gnd |a Literatur |
| 689 | 1 | 2 | |q z |2 gnd |a Geschichte 300-400 |
| 689 | 1 | |5 (DE-627) | |
| 700 | 1 | |e Hrsg. |0 (DE-588)17197817X |0 (DE-627)696873796 |0 (DE-576)132855011 |4 edt |a Binns, J. W. |d 1940- | |
| 889 | |w (DE-627)111854903 | ||
| 935 | |a mteo | ||
| 935 | |i mdedup | ||
| 936 | r | v | |a FT 12850 |b gesamte |k Klassische Philologie. Byzantinistik. Mittellateinische und Neugriechische Philologie. Neulatein |k Lateinische Literaturwissenschaft und -geschichte - Antike |k Literaturgeschichte |k Teildarstellungen |k Darstellung einzelner Zeiträume |k Spätantike (3.Jh.-6.Jh.n.Chr.) |k gesamte |0 (DE-627)1270814362 |0 (DE-625)rvk/34382: |0 (DE-576)200814362 |
| 951 | |a BO | ||
| ACO | |a 1 | ||
| ELC | |b 1 | ||
| ITA | |a 1 |t 1 | ||
| LOK | |0 000 xxxxxcx a22 zn 4500 | ||
| LOK | |0 001 3084193142 | ||
| LOK | |0 003 DE-627 | ||
| LOK | |0 004 1602361436 | ||
| LOK | |0 005 20091125102210 | ||
| LOK | |0 008 980718||||||||||||||||ger||||||| | ||
| LOK | |0 040 |a DE-21 |c DE-627 |d DE-21 | ||
| LOK | |0 852 |a DE-21 | ||
| LOK | |0 852 1 |c 15 A 5974 |9 00 | ||
| LOK | |0 935 |a kram |a konv |a theo |a sepp | ||
| LOK | |0 939 |a 18-07-98 |b l01 | ||
| LOK | |0 000 xxxxxcx a22 zn 4500 | ||
| LOK | |0 001 4830404841 | ||
| LOK | |0 003 DE-627 | ||
| LOK | |0 004 1602361436 | ||
| LOK | |0 005 20251218170127 | ||
| LOK | |0 008 251218||||||||||||||||ger||||||| | ||
| LOK | |0 035 |a (DE-4020)wubadaa37940 | ||
| LOK | |0 040 |a DE-4020 |c DE-627 |d DE-4020 | ||
| LOK | |0 092 |o n | ||
| LOK | |0 852 |a DE-4020 | ||
| LOK | |0 852 1 |m p |9 00 | ||
| LOK | |0 935 |a bami | ||
| LOK | |0 938 |k p | ||
| LOK | |0 939 |a 18-12-25 |b l01 | ||
| ORI | |a SA-MARC-ixtheoa001.raw | ||
| REF | |a Lateinische Literatur,Literaturgeschichte | ||
| REL | |a 1 | ||
| SPR | |a 1 |t IXT | ||
| STA | 0 | 0 | |a Latin,Literature,Literature,Belles-lettres |
| STB | 0 | 0 | |a Latin,Littérature,Littérature |
| STC | 0 | 0 | |a Latín,Literatura,Literatura |
| STD | 0 | 0 | |a Latino,Letteratura,Letteratura |
| STE | 0 | 0 | |a 拉丁文,文学 |
| STF | 0 | 0 | |a 拉丁文,文學 |
| STG | 0 | 0 | |a Latim,Literatura,Literatura |
| STH | 0 | 0 | |a Латынь,Литература (мотив),Литература |
| STI | 0 | 0 | |a Λατινικά,Λογοτεχνία (μοτιβο),Λογοτεχνία |
| SUB | |a REL | ||
| SYG | 0 | 0 | |a Lateinisch,Lateinische Sprache , Belletristik,Dichtung,Literarisches Kunstwerk,Schöne Literatur,Sprachkunst,Sprachliches Kunstwerk,Wortkunst,Belletristik,Dichtung,Schöne Literatur,Sprachkunst,Wortkunst , Lateinisch,Lateinische Sprache , Belletristik,Dichtung,Literarisches Kunstwerk,Schöne Literatur,Sprachkunst,Sprachliches Kunstwerk,Wortkunst,Belletristik,Dichtung,Schöne Literatur,Sprachkunst,Wortkunst |
| TIM | |a 100003000101_100003001231 |b Geschichte 300 | ||